Exposé des travaux de la Chambre de commerce d' Alger : (Record no. 185254)

MARC details
000 -LEADER
campo de control de longitud fija 00529nam a2200145 i 4500
001 - NÚMERO DE CONTROL
campo de control 185254
003 - IDENTIFICADOR DE NÚMERO DE CONTROL
campo de control ES-MaACL
005 - FECHA Y HORA DE LA ÚLTIMA TRANSACCIÓN
campo de control 20230906222400.0
008 - DATOS DE LONGITUD FIJA--INFORMACIÓN GENERAL
campo de control de longitud fija 160427s1878 ae |||| | fre d
110 2# - ENTRADA PRINCIPAL--NOMBRE DE ENTIDAD CORPORATIVA
Nombre de entidad corporativa o nombre de jurisdicción como elemento de entrada Chambre de Commerce et d'Industrie (Alger)
9 (RLIN) 159451
245 10 - MENCIÓN DEL TÍTULO
Título Exposé des travaux de la Chambre de commerce d' Alger :
Resto del título exercices 1876 et 1877.
260 ## - PUBLICACIÓN, DISTRIBUCIÓN, ETC.
Lugar de publicación, distribución, etc. Alger :
Nombre del editor, distribuidor, etc. [s.n.],
Fecha de publicación, distribución, etc. 1878 (
Fabricante Typ. Bouyer)
300 ## - DESCRIPCIÓN FÍSICA
Extensión 143 p. ;
Dimensiones 22 cm.
852 ## - LOCALIZACIÓN
Ubicación ES-MaACL
Número de control de estantería T-433-F-14
Nota libre .- Enc. en un vol. facticio falto de la cub. original
Holdings
Estatus retirado Estado de pérdida Estado de daño No para préstamo Colección Biblioteca de origen Biblioteca actual Ubicación en estantería Fecha de adquisición Fuente de adquisición Total de préstamos Signatura topográfica completa Código de barras Visto por última vez Precio de reemplazo Tipo de ítem Koha
        Colección de folletos Biblioteca del Ateneo de Madrid Biblioteca del Ateneo de Madrid Depósito folletos 27/04/2016     T-433-F-14 1195173 23/02/2023 23/02/2023 Folleto